Statistics for Google Maps Cities - Croatia

Click here to take the quiz!

General Stats

  • This quiz has been taken 37 times
  • The average score is 11 of 14

Answer Stats

City% Correct
Rijeka
100%
Split
100%
Zagreb
100%
Zadar
97%
Dubrovnik
94%
Osijek
94%
Pula
85%
Karlovac
74%
Sibenik
71%
Varazdin
68%
Slavonski Brod
65%
Makarska
56%
Rovinj
47%
Trogir
41%

Score Distribution

Percentile by Number Answered

Percent of People with Each Score

Your Score History

You have not taken this quiz